|
|
|
|
| LEADER |
00000nab a2200000 a 4500 |
| 001 |
vtls000826074 |
| 003 |
SK-MaSNL |
| 005 |
20260318114612.0 |
| 008 |
160405c2003 xo 0 hun |
| 015 |
|
|
|a SNBRB2003/02-05878
|
| 035 |
|
|
|a CLN000177729
|
| 040 |
|
|
|a SNKBUCL
|b slo
|c SNKBUCL
|e AACR2
|
| 041 |
0 |
|
|a hun
|
| 044 |
|
|
|a xo
|c SK
|
| 080 |
|
|
|a 792.077-053.2(437.6=945.11)
|2 1997
|
| 100 |
1 |
|
|a Tóth, Anikó N.,
|d 1967-
|4 aut
|9 98326
|
| 245 |
1 |
0 |
|a Feljegyzések egy emlékkönyvben
|b tizedik születésnapi találkozóját tartotta ...
|c N. Tóth Anikó
|
| 300 |
|
|
|b Fotogr.
|
| 610 |
|
7 |
|a Csillag-szóró (detský ochotnícky súbor : Šahy, Slovensko)
|2 snkbucl
|9 1614298
|
| 651 |
|
7 |
|a Levice (Slovensko : okres)
|2 snkbucl
|9 15245
|
| 655 |
|
7 |
|a články z novín a časopisov
|2 snkbucl
|9 267496
|
| 773 |
0 |
|
|t Új szó
|g Roč. 56, č. 18 (23.1.2003), s. 6
|
| 850 |
|
|
|a Slovenská národná knižnica v Martine
|
| 852 |
|
|
|a SNK
|b KIS3GCP
|
| 958 |
|
|
|a HU
|
| 958 |
|
|
|a SK
|
| 958 |
|
|
|a RBX
|
| 999 |
|
|
|c 3324949
|d 3326879
|